Normal view
MARC view
- R. L. Stevensnow
Entry Personal Name
001 - CONTROL NUMBER
- control field: 107247
003 - CONTROL NUMBER IDENTIFIER
- control field: NUST
005 - DATE AND TIME OF LATEST TRANSACTION
- control field: 20230120130403.0
008 - FIXED-LENGTH DATA ELEMENTS
- fixed length control field: 230120|| aca||aabn | a|a d
040 ## - CATALOGING SOURCE
- Original cataloging agency: NUST
- Transcribing agency: NUST
100 ## - HEADING--PERSONAL NAME
- Personal name: R. L. Stevensnow
670 ## - SOURCE DATA FOUND
- Source citation: Work cat.: (NUST)186327: R. L. Stevensnow, Mount Helicon /, 1926
